000 01164cam a2200301 4500
008 090401t1993 xxu||||| |||| 00| 0 eng d
020 _a011752784X
035 _a(Sirsi) u66414
041 _aeng
050 _a711.4
100 _aBreheny, Michael
245 _aAlternative development patterns: new settlements.
260 _aLondon
_bHMSO
_c1993
300 _ax,144p. ; 30cm.
350 _a20
490 _aPlanning (for the Natural and Built Environment)
_vResearch Programme
520 _aA report, commissioned by the DoE from a group of researchers at the University of Reading and David Lock Associates, which considers the merits and demerits of different ways of accommodating development, the characteristics of new settlements and how the planning system should deal with proposals for new settlements.
650 _aDAVID LOCK ASSOCIATES
650 _aNEW SETTLEMENTS
650 _aPLANNING SYSTEM
650 _aUNIVERSITY OF READING
690 _aPLANNING LAW AND PRACTICE
700 _aGent, Tim
700 _aLock, David
710 _aUnited Kingdom
_bDepartment of the Environment
_9982
942 _n0
948 _c04/03/1997
999 _c94858
_d94858